| 000 | 00437nam a2200145 a 4500 | ||
|---|---|---|---|
| 001 | 000030898 | ||
| 005 | 20200930062558.0 | ||
| 008 | 110603s1957 dr 000 | spa d | ||
| 040 |
_aDO-SdBNP _bspa _cBNPHU |
||
| 082 |
_axxx _bS678d |
||
| 245 | 0 | 3 | _aLa sociedad dominicana de prensa repudia el intervencionismo de la SIP. |
| 260 |
_aCiudad Trujillo, República Dominicana : _bStella, _c1957. |
||
| 300 |
_a64 p. ; _c23 cm. |
||
| 049 | _aBNPD | ||
| 999 |
_c30390 _d30390 |
||